SCPs Click Quiz (Series 1) - Statistics

General Stats
  • This quiz has been taken 133 times
  • The average score is 12 of 35
Answer Stats
Hint Answer % Correct
The Shy Guy 096
78%
Hard-to-destroy Reptile 682
74%
The Plague Doctor 049
73%
The Old Man 106
72%
The Sculpture 173
68%
The Tickle Monster 999
67%
God 343
62%
[unknown] 055
59%
Fountain of Youth 006
57%
Skeleton Key 005
54%
Cain 073
52%
Able 076
52%
Panacea 500
46%
The Clockworks 914
46%
The Leviathan 169
40%
When Day Breaks 001 Locke
32%
The Red Pool 354
27%
I am a Toaster 426
26%
Keter Duty 001 Ihp-Locke
25%
The Factory 001 Bright
23%
The Unwilling Dimension Hopper 507
22%
The Witch Child 239
20%
Immortality 963
20%
Sauelseusor 179
19%
Last Ride of the Day 001 Ulysses Foole
17%
[Data Expunged] 579
17%
Special Personnel Requirements 231
15%
No more monsters 122
12%
Haunter in the Dark 689
12%
A Chocolate Fountain 743
10%
“He-Who-Made-Dark” 435
9%
War Criminals 875
9%
A Curious Device 319
6%
The Labyrinth 648
6%
The Impossible Colours 712
5%
No matching quizzes found
Score Distribution
Percent of People with Each Score
Percentile by Number Answered
Your Score History
You have not taken this quiz